Manchester United - kadra w sezonie 2017/18 - Statystyki

Ogólne statystyki
  • Ten quiz został rozwiązany 38 razy
  • Średni wynik to 20 z 29
Statystyki odpowiedzi
Hint Odpowiedź % Poprawnych
1 Bramkarz Hiszpania David de Gea
100%
2 Obrońca Szwecja Victor Lindelof
100%
7 Napastnik Chile Alexis Sanchez
90%
9 Napastnik Belgia Romelu Lukaku
90%
10 Napastnik Szwecja Zlatan Ibrahimovic
90%
3 Obrońca WKS Eric Bailly
86%
8 Pomocnik Hiszpania Juan Mata
86%
6 Pomocnik Francja Paul Pogba
86%
11 Napastnik Francja Anthony Martial
83%
5 Obrońca Argentyna Marcos Rojo
83%
21 Pomocnik Hiszpania Ander Herrera
79%
25 Obrońca Ekwador Antonio Valencia
76%
23 Obrońca Anglia Luke Shaw
76%
19 Napastnik Anglia Marcus Rashford
72%
4 Obrońca Anglia Phil Jones
72%
39 Pomocnik Szkocja Scott McTominay
72%
20 Bramkarz Argentyna Sergio Romero
72%
12 Obrońca Anglia Chris Smalling
69%
31 Pomocnik Serbia Nemanja Matić
69%
22 Pomocnik Armenia Henrikh Mkhitaryan
66%
27 Pomocnik Belgia Marouane Fellaini
66%
36 Obrońca Włochy Matteo Darmian
62%
17 Obrońca Holandia Daley Blind
59%
14 Pomocnik Anglia Jesse Lingard
55%
16 Pomocnik Anglia Michael Carrick
55%
18 Obrońca Anglia Ashley Young
41%
38 Obrońca Anglia Axel Tuanzebe
38%
40 Bramkarz Portugalia Joel Pereira
28%
47 Pomocnik Anglia Angel Gomes
10%
Nie znaleziono quizów pasujących do podanych kryteriów
Rozkład punktacji
Procent ludzi z każdym wynikiem
Percentyl według liczby udzielonych odpowiedzi
Twoja historia wyników
Nie rozwiązałeś tego quizu